000 01218cam a2200325 a 4500
001 4016173
003 OSt
005 20160601131402.0
008 970418s1997 meua b 000 0 eng
010 _a 97019440
020 _a1571100601
040 _aDLC
_cDLC
_dDLC
043 _an-us---
050 0 0 _aLB 1029.P67
_b.Sch35 1997
082 0 0 _aGLT 371.39
_b.Sch3 1997
100 1 _aSchipper, Beth,
_d1947-
_922513
245 1 0 _aPortfolios in the classroom :
_btools for learning and instruction /
_cBeth Schipper [and] Joanne Rossi.
260 _aYork, Me. :
_bStenhouse Publishers,
_cc1997.
300 _aviii, 112 p. :
_bill. ;
_c23 cm.
504 _aIncludes bibliographical references (p. 103-112).
526 _c1210L to 1700L
562 _eFor circulation. 1 copy in the collection
650 0 _aPortfolios in education
_zUnited States.
_922514
700 1 _aRossi, Joanne,
_d1943-
_922515
856 4 2 _3Publisher description
_uhttp://www.loc.gov/catdir/enhancements/fy0904/97019440-d.html
906 _a7
_bcbc
_corignew
_d1
_eocip
_f19
_gy-gencatlg
942 _2lcc
_cBK
999 _c12546
_d12546